Beatles Albums in Chronological Order - Statistics

General Stats
  • This quiz has been taken 18 times
  • The average score is 8 of 12
Answer Stats
Hint Answer % Correct
6 August, 1965 Help!
82%
8 May, 1970 Let It Be
82%
22 March, 1963 Please Please Me
82%
22 November, 1963 With The Beatles
82%
26 September, 1969 Abbey Road
73%
5 August, 1966 Revolver
73%
10 July, 1964 A Hard Day's Night
64%
3 December, 1965 Rubber Soul
64%
4 December, 1964 Beatles For Sale
55%
22 November, 1968 The Beatles
55%
17 January, 1969 Yellow Submarine
55%
26 May, 1967 Sgt. Pepper's Lonely Hearts Club Band
45%
No matching quizzes found
Score Distribution
Percent of People with Each Score
Percentile by Number Answered
Your Score History
You have not taken this quiz